<?xml version="1.0" encoding="UTF-8"?>
<record
    xmlns:xsi="http://www.w3.org/2001/XMLSchema-instance"
    xsi:schemaLocation="http://www.loc.gov/MARC21/slim http://www.loc.gov/standards/marcxml/schema/MARC21slim.xsd"
    xmlns="http://www.loc.gov/MARC21/slim">

  <leader>01198nam a2200289 a 4500</leader>
  <controlfield tag="003">DO-SdBNP</controlfield>
  <controlfield tag="005">20240905101900.0</controlfield>
  <controlfield tag="007">ta</controlfield>
  <controlfield tag="008">211014e2008    dr aob|gr|||| 001 0 spa d</controlfield>
  <datafield tag="020" ind1=" " ind2=" ">
    <subfield code="a">9788482984117</subfield>
  </datafield>
  <datafield tag="040" ind1=" " ind2=" ">
    <subfield code="a">DO-SdBNP</subfield>
    <subfield code="b">spa</subfield>
    <subfield code="c">BNPHU</subfield>
  </datafield>
  <datafield tag="082" ind1=" " ind2="4">
    <subfield code="2">22</subfield>
    <subfield code="b">B167r</subfield>
  </datafield>
  <datafield tag="100" ind1="1" ind2=" ">
    <subfield code="a">Baker, Christopher P.</subfield>
    <subfield code="9">80224</subfield>
  </datafield>
  <datafield tag="245" ind1="1" ind2="0">
    <subfield code="a">Rep&#xFA;blica Dominicana [Texto impreso]: /</subfield>
    <subfield code="b">Christopher P. Baker ; fotograf&#xED;as de Gilles Mingasson ; traducci&#xF3;n, &#xC1;lvaro Garc&#xED;a, Henar Recuero y Mois&#xE9;s Ram&#xED;rez</subfield>
  </datafield>
  <datafield tag="260" ind1=" " ind2=" ">
    <subfield code="a">Espa&#xF1;a :</subfield>
    <subfield code="b">RBA,</subfield>
    <subfield code="c">2008</subfield>
  </datafield>
  <datafield tag="300" ind1=" " ind2=" ">
    <subfield code="a">239 p. :</subfield>
    <subfield code="b"> il., mapas, planos ; </subfield>
    <subfield code="c">22 cm.</subfield>
  </datafield>
  <datafield tag="490" ind1="0" ind2=" ">
    <subfield code="a">Gu&#xED;as Audi</subfield>
  </datafield>
  <datafield tag="505" ind1="0" ind2=" ">
    <subfield code="t">Historia y Cultura.--</subfield>
    <subfield code="t">Santo Domingo.--</subfield>
    <subfield code="t">El Sureste.--</subfield>
    <subfield code="t">La pen&#xED;nsula de Saman&#xE1;.--</subfield>
    <subfield code="t">La costa norte.--</subfield>
    <subfield code="t">El Cibao.--</subfield>
    <subfield code="t">Cordillera Central.--</subfield>
    <subfield code="t">El suroeste.--</subfield>
    <subfield code="t">Informaci&#xF3;n pr&#xE1;ctica.--</subfield>
  </datafield>
  <datafield tag="590" ind1=" " ind2=" ">
    <subfield code="a">Inventariado 2021 / MF</subfield>
  </datafield>
  <datafield tag="650" ind1=" " ind2="4">
    <subfield code="a">Gu&#xED;as tur&#xED;sticas</subfield>
    <subfield code="x">Rep&#xFA;blica Dominicana </subfield>
    <subfield code="9">80228</subfield>
  </datafield>
  <datafield tag="700" ind1="1" ind2=" ">
    <subfield code="4"> </subfield>
    <subfield code="a">Mingasson, Gilles</subfield>
    <subfield code="e">fotograf&#xED;as</subfield>
    <subfield code="9">80225</subfield>
  </datafield>
  <datafield tag="700" ind1=" " ind2=" ">
    <subfield code="9">33594</subfield>
    <subfield code="a">Garc&#xED;a, &#xC1;lvaro,</subfield>
    <subfield code="e">ilustrador</subfield>
  </datafield>
  <datafield tag="700" ind1="1" ind2=" ">
    <subfield code="a">Recuero,  Henar,</subfield>
    <subfield code="e">ilustrador</subfield>
    <subfield code="9">80226</subfield>
  </datafield>
  <datafield tag="700" ind1="1" ind2=" ">
    <subfield code="9">9468</subfield>
    <subfield code="a">Ram&#xED;rez, Mois&#xE9;s,</subfield>
    <subfield code="e">ilustrador</subfield>
  </datafield>
  <datafield tag="830" ind1=" " ind2="0">
    <subfield code="a">Gu&#xED;as Audi</subfield>
    <subfield code="9">80227</subfield>
    <subfield code="l">spa</subfield>
  </datafield>
  <datafield tag="942" ind1=" " ind2=" ">
    <subfield code="2">ddc</subfield>
    <subfield code="c">LBS1</subfield>
  </datafield>
  <datafield tag="952" ind1=" " ind2=" ">
    <subfield code="0">0</subfield>
    <subfield code="1">0</subfield>
    <subfield code="2">ddc</subfield>
    <subfield code="5">1</subfield>
    <subfield code="7">0</subfield>
    <subfield code="8">PD</subfield>
    <subfield code="a">BNPHU</subfield>
    <subfield code="b">PD</subfield>
    <subfield code="c">HD</subfield>
    <subfield code="d">2021-06-28</subfield>
    <subfield code="e">Donado por MAPRE</subfield>
    <subfield code="l">0</subfield>
    <subfield code="o">B167r</subfield>
    <subfield code="p">2021-27386</subfield>
    <subfield code="r">2021-10-14</subfield>
    <subfield code="w">2021-10-14</subfield>
    <subfield code="y">LFPD</subfield>
  </datafield>
  <datafield tag="952" ind1=" " ind2=" ">
    <subfield code="0">0</subfield>
    <subfield code="1">0</subfield>
    <subfield code="2">ddc</subfield>
    <subfield code="5">1</subfield>
    <subfield code="7">0</subfield>
    <subfield code="8">PD</subfield>
    <subfield code="a">BNPHU</subfield>
    <subfield code="b">PD</subfield>
    <subfield code="c">HD</subfield>
    <subfield code="d">2021-06-28</subfield>
    <subfield code="e">Donado por MAPRE</subfield>
    <subfield code="l">0</subfield>
    <subfield code="o">B167r</subfield>
    <subfield code="p">2021-27387</subfield>
    <subfield code="r">2021-10-14</subfield>
    <subfield code="t">e.2</subfield>
    <subfield code="w">2021-10-14</subfield>
    <subfield code="y">LFPD</subfield>
  </datafield>
  <datafield tag="952" ind1=" " ind2=" ">
    <subfield code="0">0</subfield>
    <subfield code="1">0</subfield>
    <subfield code="2">ddc</subfield>
    <subfield code="5">6</subfield>
    <subfield code="7">0</subfield>
    <subfield code="8">DS</subfield>
    <subfield code="a">BNPHU</subfield>
    <subfield code="b">PD</subfield>
    <subfield code="c">HD</subfield>
    <subfield code="d">2021-06-28</subfield>
    <subfield code="e">Donado por MAPRE</subfield>
    <subfield code="l">0</subfield>
    <subfield code="o">B167r</subfield>
    <subfield code="p">2021-27388</subfield>
    <subfield code="r">2021-10-14</subfield>
    <subfield code="t">e.3</subfield>
    <subfield code="w">2021-10-14</subfield>
    <subfield code="y">LFDS</subfield>
  </datafield>
  <datafield tag="952" ind1=" " ind2=" ">
    <subfield code="0">0</subfield>
    <subfield code="1">0</subfield>
    <subfield code="2">ddc</subfield>
    <subfield code="5">6</subfield>
    <subfield code="7">0</subfield>
    <subfield code="8">DS</subfield>
    <subfield code="a">BNPHU</subfield>
    <subfield code="b">GR</subfield>
    <subfield code="c">HD</subfield>
    <subfield code="d">2021-06-28</subfield>
    <subfield code="e">Donado por MAPRE</subfield>
    <subfield code="l">0</subfield>
    <subfield code="o">B167r</subfield>
    <subfield code="p">2021-27389</subfield>
    <subfield code="r">2021-10-14</subfield>
    <subfield code="t">e.4</subfield>
    <subfield code="w">2021-10-14</subfield>
    <subfield code="y">LFDS</subfield>
  </datafield>
  <datafield tag="952" ind1=" " ind2=" ">
    <subfield code="0">0</subfield>
    <subfield code="1">0</subfield>
    <subfield code="2">ddc</subfield>
    <subfield code="5">6</subfield>
    <subfield code="7">0</subfield>
    <subfield code="8">DS</subfield>
    <subfield code="a">BNPHU</subfield>
    <subfield code="b">BNPHU</subfield>
    <subfield code="c">HD</subfield>
    <subfield code="d">2021-06-28</subfield>
    <subfield code="e">Donado por MAPRE</subfield>
    <subfield code="l">0</subfield>
    <subfield code="o">B167r</subfield>
    <subfield code="p">2021-27390</subfield>
    <subfield code="r">2021-10-14</subfield>
    <subfield code="t">e.5</subfield>
    <subfield code="w">2021-10-14</subfield>
    <subfield code="y">LFDS</subfield>
  </datafield>
  <datafield tag="999" ind1=" " ind2=" ">
    <subfield code="c">50753</subfield>
    <subfield code="d">50753</subfield>
  </datafield>
</record>
